Clinical Trials Design in Operative and Non Operative Invasive Procedures (Запис № 447630)
[ простий вигляд ]
| 000 -LEADER | |
|---|---|
| fixed length control field | 05618nam a22006015i 4500 |
| 001 - CONTROL NUMBER | |
| control field | 978-3-319-53877-8 |
| 003 - CONTROL NUMBER IDENTIFIER | |
| control field | DE-He213 |
| 005 - DATE AND TIME OF LATEST TRANSACTION | |
| control field | 20210118131013.0 |
| 007 - PHYSICAL DESCRIPTION FIXED FIELD--GENERAL INFORMATION | |
| fixed length control field | cr nn 008mamaa |
| 008 - FIXED-LENGTH DATA ELEMENTS--GENERAL INFORMATION | |
| fixed length control field | 170516s2017 gw | s |||| 0|eng d |
| 020 ## - INTERNATIONAL STANDARD BOOK NUMBER | |
| International Standard Book Number | 9783319538778 |
| -- | 978-3-319-53877-8 |
| 024 7# - OTHER STANDARD IDENTIFIER | |
| Standard number or code | 10.1007/978-3-319-53877-8 |
| Source of number or code | doi |
| 050 #4 - LIBRARY OF CONGRESS CALL NUMBER | |
| Classification number | RD1-811 |
| 072 #7 - SUBJECT CATEGORY CODE | |
| Subject category code | MNC |
| Source | bicssc |
| 072 #7 - SUBJECT CATEGORY CODE | |
| Subject category code | MED085000 |
| Source | bisacsh |
| 072 #7 - SUBJECT CATEGORY CODE | |
| Subject category code | MNC |
| Source | thema |
| 082 04 - DEWEY DECIMAL CLASSIFICATION NUMBER | |
| Classification number | 617 |
| Edition number | 23 |
| 245 10 - TITLE STATEMENT | |
| Title | Clinical Trials Design in Operative and Non Operative Invasive Procedures |
| Medium | [electronic resource] / |
| Statement of responsibility, etc | edited by Kamal M.F. Itani, Domenic J. Reda. |
| 250 ## - EDITION STATEMENT | |
| Edition statement | 1st ed. 2017. |
| 264 #1 - | |
| -- | Cham : |
| -- | Springer International Publishing : |
| -- | Imprint: Springer, |
| -- | 2017. |
| 300 ## - PHYSICAL DESCRIPTION | |
| Extent | XXIV, 495 p. 42 illus., 27 illus. in color. |
| Other physical details | online resource. |
| 336 ## - | |
| -- | text |
| -- | txt |
| -- | rdacontent |
| 337 ## - | |
| -- | computer |
| -- | c |
| -- | rdamedia |
| 338 ## - | |
| -- | online resource |
| -- | cr |
| -- | rdacarrier |
| 347 ## - | |
| -- | text file |
| -- | |
| -- | rda |
| 505 0# - FORMATTED CONTENTS NOTE | |
| Formatted contents note | The Research Question and the Hypothesis -- Primary and Secondary Endpoints -- Intervention and Control Groups -- Subject Selection -- Clinical Phases of Device and Drug Evaluation with Emphasis on Early Phase Trials -- Overview of Randomized Clinical Trial and the Parallel Group Design -- Non-Inferiority and Equivalence Trials -- Factorial Designs -- Cross-over Trials -- Cluster-Randomized Clinical Trials -- Adaptive Trial Designs -- Pragmatic Trials -- Point of Care Clinical Trials -- Basic Statistical Considerations -- Methods and Testing of Randomization -- Sample Size Calculation -- Principles of Analysis -- Advanced Statistical Methods -- Missing Data -- Interim Monitoring -- Ethical Considerations in Clinical Trials -- IRB and Review Process for Multisite Trials -- Trial Advertising -- Payment to Research Participants -- Conflict of Interest -- Quality Control in Procedural Studies -- Pilot Studies -- Surgeon Training and the Learning Curve -- Using a Placebo or Sham Procedure as a Control: Ethics and Practicalities -- Patient Recruitment and Retention in Procedural Trials -- Equipoise in Interventional Trials -- Setting up a Clinical Trial Research Office -- Regulatory Considerations: The Clinical Research Coordinator -- Data Collection Forms -- Data Security -- Remote Monitoring of Data Quality -- Investigators Meetings -- Site Visits -- Data Safety Monitoring Board: Composition and Role -- Endpoints Committee -- Regulatory Issues with Devices in Clinical Trials -- Trial Registration and Public Access to Data -- Mistakes in Clinical Trials -- Combined Drugs and Procedure Trials -- Genomics in Clinical Trials -- Biomarkers as Adjuncts to Clinical Trials -- Patient-centered Designs (and Outcomes) -- Economic Evaluations -- Telemedicine and Mobile Technology -- Budgeting for a Clinical Trial -- Funding a Clinical Trial -- Writing Your Grant for the Patient Centered Outcomes Research Institute (PCORI) -- Designing Clinical Trials for Quality and Impact: The Department of Veterans Affairs Approach to Developing a Cooperative Study -- Publication. |
| 520 ## - SUMMARY, ETC. | |
| Summary, etc | The aim of this text is to provide the framework for building a clinical trial as it pertains to operative and non operative invasive procedures, how to get it funded and how to conduct such a trial up to publication of results. The text provides all details of building a scientifically and ethically valid proposal, including how to build the infrastructure for a clinical trial and how to move it forward through various funding agencies. The text also presents various types of clinical trials, the use of implantable devices and FDA requirements, and adjuncts to clinical trials and interaction with industry. Clinical Trials Design in Invasive Operative and Non Operative Procedures will be of interest to all specialists of surgery, anesthesiologists, interventional radiologists, gastroenterologists, cardiologists, and pulmonologists. |
| 506 ## - RESTRICTIONS ON ACCESS NOTE | |
| Terms governing access | Available to subscribing member institutions only. Доступно лише організаціям членам підписки. |
| 506 ## - RESTRICTIONS ON ACCESS NOTE | |
| Standardized terminology for access restriction | Online access from local network of NaUOA. |
| 506 ## - RESTRICTIONS ON ACCESS NOTE | |
| Standardized terminology for access restriction | Online access with authorization at https://link.springer.com/ |
| 506 ## - RESTRICTIONS ON ACCESS NOTE | |
| Standardized terminology for access restriction | Онлайн-доступ з локальної мережі НаУОА. |
| 506 ## - RESTRICTIONS ON ACCESS NOTE | |
| Standardized terminology for access restriction | Онлайн доступ з авторизацією на https://link.springer.com/ |
| 650 #0 - SUBJECT ADDED ENTRY--TOPICAL TERM | |
| Topical term or geographic name as entry element | Surgery. |
| 650 #0 - SUBJECT ADDED ENTRY--TOPICAL TERM | |
| Topical term or geographic name as entry element | Anesthesiology. |
| 650 #0 - SUBJECT ADDED ENTRY--TOPICAL TERM | |
| Topical term or geographic name as entry element | Interventional radiology . |
| 650 #0 - SUBJECT ADDED ENTRY--TOPICAL TERM | |
| Topical term or geographic name as entry element | Cardiology. |
| 650 14 - SUBJECT ADDED ENTRY--TOPICAL TERM | |
| Topical term or geographic name as entry element | General Surgery. |
| -- | http://scigraph.springernature.com/things/product-market-codes/H59044 |
| 650 24 - SUBJECT ADDED ENTRY--TOPICAL TERM | |
| Topical term or geographic name as entry element | Anesthesiology. |
| -- | http://scigraph.springernature.com/things/product-market-codes/H13001 |
| 650 24 - SUBJECT ADDED ENTRY--TOPICAL TERM | |
| Topical term or geographic name as entry element | Interventional Radiology. |
| -- | http://scigraph.springernature.com/things/product-market-codes/H29021 |
| 650 24 - SUBJECT ADDED ENTRY--TOPICAL TERM | |
| Topical term or geographic name as entry element | Cardiology. |
| -- | http://scigraph.springernature.com/things/product-market-codes/H33037 |
| 700 1# - ADDED ENTRY--PERSONAL NAME | |
| Personal name | Itani, Kamal M.F. |
| Relator term | editor. |
| Relator code | edt |
| -- | http://id.loc.gov/vocabulary/relators/edt |
| 700 1# - ADDED ENTRY--PERSONAL NAME | |
| Personal name | Reda, Domenic J. |
| Relator term | editor. |
| Relator code | edt |
| -- | http://id.loc.gov/vocabulary/relators/edt |
| 710 2# - ADDED ENTRY--CORPORATE NAME | |
| Corporate name or jurisdiction name as entry element | SpringerLink (Online service) |
| 773 0# - HOST ITEM ENTRY | |
| Title | Springer eBooks |
| 776 08 - ADDITIONAL PHYSICAL FORM ENTRY | |
| Display text | Printed edition: |
| International Standard Book Number | 9783319538761 |
| 776 08 - ADDITIONAL PHYSICAL FORM ENTRY | |
| Display text | Printed edition: |
| International Standard Book Number | 9783319538785 |
| 776 08 - ADDITIONAL PHYSICAL FORM ENTRY | |
| Display text | Printed edition: |
| International Standard Book Number | 9783319852638 |
| 856 40 - ELECTRONIC LOCATION AND ACCESS | |
| Uniform Resource Identifier | <a href="https://doi.org/10.1007/978-3-319-53877-8">https://doi.org/10.1007/978-3-319-53877-8</a> |
| 912 ## - | |
| -- | ZDB-2-SME |
| 942 ## - ADDED ENTRY ELEMENTS (KOHA) | |
| Koha item type | ЕКнига |
Немає доступних примірників.